| 000 | 00395nam a2200157Ia 4500 | ||
|---|---|---|---|
| 008 | 230312s9999||||xx |||||||||||||| ||und|| | ||
| 020 | _a81-317-0802-6 | ||
| 082 |
_a621.31042 _bHUB-E |
||
| 100 | _aHubert,Charles.l | ||
| 245 | 0 | _aElectric Machines | |
| 260 |
_bPearsns education _aIndia _c2002 |
||
| 300 | _a604 | ||
| 546 | _aEng. | ||
| 650 |
_aEngineering _vTransformer Principles |
||
| 942 | _cBK | ||
| 999 |
_c6278 _d6278 |
||